| 000 | 01126nam a22002057a 4500 | ||
|---|---|---|---|
| 003 | BUBTL | ||
| 008 | 211219b ||||| |||| 00| 0 eng d | ||
| 020 | _a9789849304111 | ||
| 082 | _a954.92/ R2197u/ 2018 | ||
| 100 |
_94475 _aরাজ্জাক, মানিক মোহাম্মদ |
||
| 245 |
_a১৯৭১ : বিদেশি গণমাধ্যমে বঙ্গবন্ধু ও মুক্তিযুদ্ধ / _cমানিক মোহাম্মদ রাজ্জাক |
||
| 250 | _a1st Edn. | ||
| 260 |
_aঢাকা : _bশ্রাবন প্রকাশনী, _cc2018 |
||
| 300 |
_a408 p. : _bill. ; _c22 cm. |
||
| 505 | _a১৯৭১ : বিদেশি গণমাধ্যমে বঙ্গবন্ধু ও মুক্তিযুদ্ধ, ১৯৭১, বিদেশি গণমাধ্যম, বঙ্গবন্ধু, মুক্তিযুদ্ধ, মানিক মোহাম্মদ রাজ্জাক | ||
| 650 | 0 |
_93574 _aবঙ্গবন্ধু |
|
| 856 |
_k0 _l0 _yDownload |
||
| 942 |
_2ddc _cBK |
||
| 999 |
_c6624 _d6624 |
||